=LDR 00000nam 2200000 4500 =001 000974 =005 20250712020652 =035 ##$$a 0010-0725000853 =007 ta =008 250712################a##########0#ind## =020 ##$$a 978-623-307-325-7 =082 ##$$a 398.209 598 =084 ##$$a 398.209 598 SAR b =100 #$$a Aditi sarawagi =245 1#$$a Bagaimana pesawat bisa terbang? /$c Aditi sarawagi =250 ##$$a Cetakan Pertama =260 ##$$a Rawamangun :$b Badan Pengembangan dan Pembinaan Bahasa,$c 2022 =300 ##$$a 16 hlm. : $b Ilus. ; $c 21 cm. =650 #4$$a Cerita Anak Indonesia - Terjemahan =650 #4$$a Literasi - Bahan bacaan =856 ##$$a TBM AS SUHADA